Environment and planning (Registro nro. 25303)
[ vista simple ]
| 000 -CABECERA | |
|---|---|
| Longitud fija campo de control | 01344nas a2200325 c 4500 |
| 001 - NÚMERO DE CONTROL | |
| Número de control | 25303 |
| 003 - IDENTIFICADOR DE NÚMERO DE CONTROL | |
| Identificador del número de control | ES-MaCES |
| 005 - FECHA Y HORA DE LA ÚLTIMA TRANSACCIÓN | |
| Fecha y hora de la última transacción | 20250402114542.0 |
| 008 - CAMPO FIJO DE DESCRIPCIÓN FIJA--INFORMACIÓN GENERAL | |
| Códigos de información de longitud fija | 931202u1900 xxkq| | |eng d |
| 022 1# - ISSN (INTERNATIONAL STANDARD SERIAL NUMBER) | |
| Número Internacional Normalizado para Publicaciones Seriadas | 0263-774X |
| 035 ## - NÚMERO DE CONTROL DEL SISTEMA | |
| Número de control del sistema | CES19980002844p |
| Número de control cancelado;no válido | 10292 |
| 040 ## - FUENTE DE CATALOGACIÓN | |
| Centro catalogador de origen | ES-MaCES |
| Lengua de catalogación | spa |
| Centro transcriptor | ES-MaCES |
| 245 00 - MENCIÓN DE TÍTULO | |
| Título | Environment and planning |
| Nombre de parte o sección de la obra | C, Government and policy |
| 260 ## - PUBLICACIÓN, DISTRIBUCIÓN, ETC (PIE DE IMPRENTA) | |
| Lugar de publicación, distribución, etc. | London (Brondesbury Park, 207, NW2 5JN) |
| Nombre del editor, distribuidor, etc. | Pion |
| 300 ## - DESCRIPCIÓN FÍSICA | |
| Extensión | v. |
| Dimensiones | 25 cm |
| 310 ## - PERIODICIDAD ACTUAL DE LA PUBLICACIÓN | |
| Periodicidad actual | Bimestral a partir de: v. 16, no. 1 (Feb. 1998) |
| 310 ## - PERIODICIDAD ACTUAL DE LA PUBLICACIÓN | |
| Periodicidad actual | Trimestral |
| 500 ## - NOTA GENERAL | |
| Nota general | Tít. tomado de la cub.- Descripción basada en: v. 11, no. 1 (Feb. 1993) |
| 541 ## - NOTA DE LA FUENTE INMEDIANTE DE ADQUISICIÓN | |
| Forma de adquisición | Compra |
| 580 ## - NOTA DE RELACIÓN COMPLEJA DEL ASIENTO RELACIONADO | |
| Nota de relación compleja | Series relacionadas: Environment and planing A, ISSN 0308-518X; Environment and planning B, ISSN 0265-8135; Environment and planning D, ISSN 0263-7758 |
| 592 ## - CES. NOTA ESTADO DE LA PUBLICACIÓN | |
| Estado publicación | Cancelada |
| 650 #4 - ASIENTO SECUNDARIO DE MATERIA--TÉRMINO DE MATERIA | |
| Término de materia o nombre geográfico como elemento inicial | ciencias sociales |
| 9 (RLIN) | 27256 |
| 653 10 - TÉRMINO DE INDEXACIÓN--NO CONTROLADO | |
| Término no controlado | Ciencias Sociales-Políticas |
| 853 21 - LEYENDAS Y PATRÓN--UNIDAD BIBLIOGRÁFICA BÁSICA | |
| Primer nivel de enumeración | vol. |
| Segundo nivel de enumeración | no. |
| Primer nivel de cronología | año |
| Segundo nivel de cronología | mes |
| Continuidad en la numeración | r |
| Frecuencia | b |
| Patrón de regularidad | pm02,04,06,08,10,12 |
| 856 ## - ACCESO ELECTRÓNICO | |
| Identificador Uniforme del Recurso (URI) | <a href="https://journals.sagepub.com/loi/EPC">https://journals.sagepub.com/loi/EPC</a> |
| Nota pública | texto completo desde vol. 7, n. 1, (1989) |
| Nota no pública | Acceso para usuarios registrados, algunos artículos en acceso abierto |
| 866 #0 - FUENTES TEXTUALES--UNIDAD BIBLIOGRÁFICA BÁSICA | |
| Holdings textuales | 1993-2011. |
| Nota pública | Ubicación: DEPÓSITO - 10292 |
| 905 ## - CES. DATOS REVISTA | |
| Boletín de sumarios (Sirtex 591$a) | Boletín D |
| Formato | P-OL |
| Kardex | SÍ |
| Abreviatura boletín | EnvPlanC |
| Proceso | + |
| 942 ## - ELEMENTOS KOHA | |
| Fuente de clasificaión o esquema | Clasificación propia del CES |
| Koha [por defecto] tipo de item | Periódicas |
| Parte de clasificación | 7.0. |
| Número de registro | Signatura completa | Tipo de item de Koha |
|---|---|---|
| 000291 | 10292 | Periódicas |
| 000292 | 10292 | Periódicas |
| 000293 | 10292 | Periódicas |
| 001560 | 10292 | Periódicas |
| 003854 | 10292 | Periódicas |
| 005455 | 10292 | Periódicas |
| 006654 | 10292 | Periódicas |
| 007668 | 10292 | Periódicas |
| 009026 | 10292 | Periódicas |
| 010286 | 10292 | Periódicas |
| 011422 | 10292 | Periódicas |
| 012580 | 10292 | Periódicas |
| 015153 | 10292 | Periódicas |
| 015140 | 10292 | Periódicas |
| 015932 | 10292 | Periódicas |
| 017561 | 10292 | Periódicas |
| 019470 | 10292 | Periódicas |
| 020412 | 10292 | Periódicas |
| 021286 | 10292 | Periódicas |
| 022637 | 10292 | Periódicas |
| 024460 | 10292 | Periódicas |
| 024912 | 10292 | Periódicas |
| 025908 | 10292 | Periódicas |
| 026599 | 10292 | Periódicas |
| 027347 | 10292 | Periódicas |
| 027929 | 10292 | Periódicas |
| 029102 | 10292 | Periódicas |
| 029962 | 10292 | Periódicas |
| 030980 | 10292 | Periódicas |
| 031616 | 10292 | Periódicas |
| 032985 | 10292 | Periódicas |
| 033848 | 10292 | Periódicas |
| 035260 | 10292 | Periódicas |
| 035893 | 10292 | Periódicas |
| 037279 | 10292 | Periódicas |
| 037830 | 10292 | Periódicas |
| 039017 | 10292 | Periódicas |
| 039940 | 10292 | Periódicas |
| 040552 | 10292 | Periódicas |
| 042150 | 10292 | Periódicas |
| 043361 | 10292 | Periódicas |
| 044414 | 10292 | Periódicas |
| 045276 | 10292 | Periódicas |
| 045867 | 10292 | Periódicas |
| 047147 | 10292 | Periódicas |
| 047688 | 10292 | Periódicas |
| 047748 | 10292 | Periódicas |
| 048523 | 10292 | Periódicas |
| 049625 | 10292 | Periódicas |
| 050544 | 10292 | Periódicas |
| 051711 | 10292 | Periódicas |
| 051946 | 10292 | Periódicas |
| 052761 | 10292 | Periódicas |
| 053799 | 10292 | Periódicas |
| 054511 | 10292 | Periódicas |
| 055086 | 10292 | Periódicas |
| 056381 | 10292 | Periódicas |
| 057253 | 10292 | Periódicas |
| 058382 | 10292 | Periódicas |
| 058545 | 10292 | Periódicas |
| 058786 | 10292 | Periódicas |
| 059222 | 10292 | Periódicas |
| 059800 | 10292 | Periódicas |
| 060732 | 10292 | Periódicas |
| 061811 | 10292 | Periódicas |
| 062281 | 10292 | Periódicas |
| 062904 | 10292 | Periódicas |
| 063251 | 10292 | Periódicas |
| 064216 | 10292 | Periódicas |
| 065307 | 10292 | Periódicas |
| 066159 | 10292 | Periódicas |
| 066835 | 10292 | Periódicas |
| 067478 | 10292 | Periódicas |
| 067881 | 10292 | Periódicas |
| 068300 | 10292 | Periódicas |
| 068766 | 10292 | Periódicas |
| 069176 | 10292 | Periódicas |
| 069844 | 10292 | Periódicas |
| 070309 | 10292 | Periódicas |
| 070310 | 10292 | Periódicas |
| 070960 | 10292 | Periódicas |
| 071163 | 10292 | Periódicas |
| 071441 | 10292 | Periódicas |
| 071931 | 10292 | Periódicas |
| 072503 | 10292 | Periódicas |
| 072990 | 10292 | Periódicas |
| 073642 | 10292 | Periódicas |
| 074049 | 10292 | Periódicas |
| 074455 | 10292 | Periódicas |
| 074987 | 10292 | Periódicas |
| 075350 | 10292 | Periódicas |
| 075882 | 10292 | Periódicas |
| 076926 | 10292 | Periódicas |
| 077379 | 10292 | Periódicas |
| 077592 | 10292 | Periódicas |
| 078121 | 10292 | Periódicas |
| 078533 | 10292 | Periódicas |
| 079098 | 10292 | Periódicas |
| 079280 | 10292 | Periódicas |
| 079692 | 10292 | Periódicas |
| 079967 | 10292 | Periódicas |
| 080017 | 10292 | Periódicas |
| 080423 | 10292 | Periódicas |
| 080725 | 10292 | Periódicas |
